International and national policies for elimination of value added tax avoidance

Rozsah výberu dane z pridanej hodnoty. Faktory, ktoré ovplyvňujú efektívne vyberanie dane z pridanej hodnoty. Metodika výpočtu rozdielu v DPH, ktorú v súčasnosti preferujú niektoré štáty a inštitúcie EÚ. Faktory spojené s rozsahom daňových únikov.

Salvato in:
Dettagli Bibliografici
Autore principale: Benko, Peter
Natura: Capitolo di libro
Lingua:inglese
Soggetti:
Tags: Aggiungi Tag
Nessun Tag, puoi essere il primo ad aggiungerne!!

MARC

LEADER 00000nla a2200000 4500
001 0239451
005 20240502073859.4
041 0 |a eng 
044 |a SK 
245 1 0 |a International and national policies for elimination of value added tax avoidance 
520 |a Rozsah výberu dane z pridanej hodnoty. Faktory, ktoré ovplyvňujú efektívne vyberanie dane z pridanej hodnoty. Metodika výpočtu rozdielu v DPH, ktorú v súčasnosti preferujú niektoré štáty a inštitúcie EÚ. Faktory spojené s rozsahom daňových únikov. 
610 2 0 |a dane z hodnoty pridanej 
610 2 0 |a únik daňový 
610 2 0 |a politika medzinárodná 
610 2 0 |a politika daňová 
610 2 0 |a rozdiely cenové 
100 1 |a Benko, Peter